<?xml version="1.0" encoding="UTF-8"?>
<record
    xmlns:xsi="http://www.w3.org/2001/XMLSchema-instance"
    xsi:schemaLocation="http://www.loc.gov/MARC21/slim http://www.loc.gov/standards/marcxml/schema/MARC21slim.xsd"
    xmlns="http://www.loc.gov/MARC21/slim">

  <leader>00487nam a22001817a 4500</leader>
  <controlfield tag="003">OSt</controlfield>
  <controlfield tag="008">230118b           ||||| |||| 00| 0 eng d</controlfield>
  <datafield tag="020" ind1=" " ind2=" ">
    <subfield code="a">9789354516634</subfield>
  </datafield>
  <datafield tag="082" ind1=" " ind2=" ">
    <subfield code="a">615.1 GUP</subfield>
  </datafield>
  <datafield tag="100" ind1=" " ind2=" ">
    <subfield code="a">GUPTA,G.D</subfield>
  </datafield>
  <datafield tag="245" ind1=" " ind2=" ">
    <subfield code="a">Practical Manual of Community Pharmacy and Management</subfield>
  </datafield>
  <datafield tag="250" ind1=" " ind2=" ">
    <subfield code="a">ed</subfield>
  </datafield>
  <datafield tag="260" ind1=" " ind2=" ">
    <subfield code="a">New delhi</subfield>
    <subfield code="b">Nirali Prakashan</subfield>
    <subfield code="c">2022</subfield>
  </datafield>
  <datafield tag="300" ind1=" " ind2=" ">
    <subfield code="a">122</subfield>
  </datafield>
  <datafield tag="650" ind1=" " ind2=" ">
    <subfield code="a">Community Pharmacy and Management</subfield>
  </datafield>
  <datafield tag="700" ind1=" " ind2=" ">
    <subfield code="a">SHARMA,Shailesh and GUPTA,Richa</subfield>
  </datafield>
  <datafield tag="942" ind1=" " ind2=" ">
    <subfield code="2">ddc</subfield>
    <subfield code="c">BK</subfield>
  </datafield>
  <datafield tag="999" ind1=" " ind2=" ">
    <subfield code="c">11721</subfield>
    <subfield code="d">11721</subfield>
  </datafield>
  <datafield tag="952" ind1=" " ind2=" ">
    <subfield code="0">0</subfield>
    <subfield code="1">0</subfield>
    <subfield code="2">ddc</subfield>
    <subfield code="4">0</subfield>
    <subfield code="7">0</subfield>
    <subfield code="8">BP</subfield>
    <subfield code="a">PIET</subfield>
    <subfield code="b">PIET</subfield>
    <subfield code="d">2023-01-13</subfield>
    <subfield code="e">International Book Centre</subfield>
    <subfield code="f">In Rupees</subfield>
    <subfield code="g">160.00</subfield>
    <subfield code="k">IB/IN/993</subfield>
    <subfield code="l">3</subfield>
    <subfield code="o">615.4 GUP</subfield>
    <subfield code="p">BP1971</subfield>
    <subfield code="r">2024-01-23 00:00:00</subfield>
    <subfield code="s">2024-01-23</subfield>
    <subfield code="v">136.00</subfield>
    <subfield code="w">2023-01-13</subfield>
    <subfield code="y">REF</subfield>
  </datafield>
  <datafield tag="952" ind1=" " ind2=" ">
    <subfield code="0">0</subfield>
    <subfield code="1">0</subfield>
    <subfield code="2">ddc</subfield>
    <subfield code="4">0</subfield>
    <subfield code="7">0</subfield>
    <subfield code="8">DP</subfield>
    <subfield code="a">PIET</subfield>
    <subfield code="b">PIET</subfield>
    <subfield code="d">2024-01-29</subfield>
    <subfield code="e">ZAFAA BOOKS </subfield>
    <subfield code="f">RUPEES</subfield>
    <subfield code="g">160.00</subfield>
    <subfield code="k">ZBDO337</subfield>
    <subfield code="l">0</subfield>
    <subfield code="o">615.1 GUP</subfield>
    <subfield code="p">DP1332</subfield>
    <subfield code="r">2024-01-31 00:00:00</subfield>
    <subfield code="v">123.20</subfield>
    <subfield code="w">2024-01-20</subfield>
    <subfield code="y">REF</subfield>
  </datafield>
  <datafield tag="952" ind1=" " ind2=" ">
    <subfield code="0">0</subfield>
    <subfield code="1">0</subfield>
    <subfield code="2">ddc</subfield>
    <subfield code="4">0</subfield>
    <subfield code="7">0</subfield>
    <subfield code="8">DP</subfield>
    <subfield code="a">PIET</subfield>
    <subfield code="b">PIET</subfield>
    <subfield code="d">2024-01-29</subfield>
    <subfield code="e">ZAFAA BOOKS </subfield>
    <subfield code="f">RUPEES</subfield>
    <subfield code="g">160.00</subfield>
    <subfield code="k">ZBDO337</subfield>
    <subfield code="l">1</subfield>
    <subfield code="o">615.1 GUP</subfield>
    <subfield code="p">DP1333</subfield>
    <subfield code="r">2025-09-04 00:00:00</subfield>
    <subfield code="s">2025-08-27</subfield>
    <subfield code="v">123.20</subfield>
    <subfield code="w">2024-01-20</subfield>
    <subfield code="y">BK</subfield>
  </datafield>
  <datafield tag="952" ind1=" " ind2=" ">
    <subfield code="0">0</subfield>
    <subfield code="1">0</subfield>
    <subfield code="2">ddc</subfield>
    <subfield code="4">0</subfield>
    <subfield code="7">0</subfield>
    <subfield code="8">DP</subfield>
    <subfield code="a">PIET</subfield>
    <subfield code="b">PIET</subfield>
    <subfield code="d">2024-01-29</subfield>
    <subfield code="e">ZAFAA BOOKS </subfield>
    <subfield code="f">RUPEES</subfield>
    <subfield code="g">160.00</subfield>
    <subfield code="k">ZBDO337</subfield>
    <subfield code="l">2</subfield>
    <subfield code="o">615.1 GUP</subfield>
    <subfield code="p">DP1334</subfield>
    <subfield code="r">2026-05-20 14:15:47</subfield>
    <subfield code="s">2026-04-21</subfield>
    <subfield code="v">123.20</subfield>
    <subfield code="w">2024-01-20</subfield>
    <subfield code="y">BK</subfield>
  </datafield>
  <datafield tag="952" ind1=" " ind2=" ">
    <subfield code="0">0</subfield>
    <subfield code="1">0</subfield>
    <subfield code="2">ddc</subfield>
    <subfield code="4">0</subfield>
    <subfield code="7">0</subfield>
    <subfield code="8">DP</subfield>
    <subfield code="a">PIET</subfield>
    <subfield code="b">PIET</subfield>
    <subfield code="d">2024-01-29</subfield>
    <subfield code="e">ZAFAA BOOKS </subfield>
    <subfield code="f">RUPEES</subfield>
    <subfield code="g">160.00</subfield>
    <subfield code="k">ZBDO337</subfield>
    <subfield code="l">2</subfield>
    <subfield code="o">615.1 GUP</subfield>
    <subfield code="p">DP1335</subfield>
    <subfield code="r">2026-05-01 16:03:38</subfield>
    <subfield code="s">2026-04-21</subfield>
    <subfield code="v">123.20</subfield>
    <subfield code="w">2024-01-20</subfield>
    <subfield code="y">BK</subfield>
  </datafield>
  <datafield tag="952" ind1=" " ind2=" ">
    <subfield code="0">0</subfield>
    <subfield code="1">0</subfield>
    <subfield code="2">ddc</subfield>
    <subfield code="4">0</subfield>
    <subfield code="7">0</subfield>
    <subfield code="8">DP</subfield>
    <subfield code="a">PIET</subfield>
    <subfield code="b">PIET</subfield>
    <subfield code="d">2024-01-29</subfield>
    <subfield code="e">ZAFAA BOOKS </subfield>
    <subfield code="f">RUPEES</subfield>
    <subfield code="g">160.00</subfield>
    <subfield code="k">ZBDO337</subfield>
    <subfield code="l">1</subfield>
    <subfield code="o">615.1 GUP</subfield>
    <subfield code="p">DP1336</subfield>
    <subfield code="q">2026-03-09</subfield>
    <subfield code="r">2025-08-21 00:00:00</subfield>
    <subfield code="s">2025-08-21</subfield>
    <subfield code="v">123.20</subfield>
    <subfield code="w">2024-01-20</subfield>
    <subfield code="y">BK</subfield>
  </datafield>
</record>
